<?xml version="1.0" encoding="UTF-8"?>
<marc:record xmlns:marc="http://www.loc.gov/MARC21/slim">
   <marc:leader>00000nam a2200000 a 4500</marc:leader>
   <marc:datafield ind1=" " ind2=" " tag="653">
      <marc:subfield code="a">Erstleser</marc:subfield>
   </marc:datafield>
   <marc:datafield ind1=" " ind2=" " tag="653">
      <marc:subfield code="a">Hexen-Zauberer-Gespenster</marc:subfield>
   </marc:datafield>
   <marc:datafield ind1=" " ind2=" " tag="653">
      <marc:subfield code="a">Kinder 6 - 10 Jahre</marc:subfield>
   </marc:datafield>
   <marc:datafield ind1=" " ind2=" " tag="653">
      <marc:subfield code="a">LEADER</marc:subfield>
   </marc:datafield>
   <marc:datafield ind1=" " ind2=" " tag="653">
      <marc:subfield code="a">Mini-Bib</marc:subfield>
   </marc:datafield>
   <marc:datafield ind1=" " ind2=" " tag="653">
      <marc:subfield code="a">Zaubern</marc:subfield>
   </marc:datafield>
   <marc:datafield ind1="0" ind2="0" tag="245">
      <marc:subfield code="a">Box Mini-Bib Hexen-Zauberer-Gespenster (geöffnet)</marc:subfield>
   </marc:datafield>
   <marc:datafield ind1="0" ind2="0" tag="245">
      <marc:subfield code="b">Kinder 6-10 Jahre</marc:subfield>
   </marc:datafield>
   <marc:datafield ind1="1" ind2=" " tag="520">
      <marc:subfield code="a">Diese Box enthält folgende Medien:&#xD;
Daxelmüller, Christoph	Zauberer, Hexen und Magie (Was ist Was?)&#xD;
Kasper, Sabi	Das Beste-Hexe-Test-Turnier&#xD;
Ludwig, Sabine	Serafinas Geheimnis - Hokuspokus Nachtigall&#xD;
Weidinger, Erich	Geschichten von Geistern und Gespenstern&#xD;
Rühle, Fabian	Zippel, das wirklich wahre Schlossgespenst&#xD;
Ammerer, Karin u.a.	Mein großes Erstlese-Buch - Gespenster, Piraten, Detektive&#xD;
Straaten, Harmen van	Bo sieht Gespenster&#xD;
Schröder, Patricia	Flaffy Flitzekeks - Ein Gespenst sorgt für Wirbel&#xD;
Fischer-Hunold, Alexandra	Das Gespenst im Klassenzimmer&#xD;
Osboren, Mary Pope	Das magische Baumhaus - Die Macht der Magie&#xD;
Königsberg, Katja	Das kleine Gespenst geht in die Schule&#xD;
	Die schönsten Silbengeschichten von Gespenstern zum Lesenlernen&#xD;
Schütze Andrea	Das magische Zaubertandem&#xD;
	&#xD;
	Kakerlacula (Kinderspiel)&#xD;
	50 tolle Zaubertricks für kleine Magier, Karten</marc:subfield>
   </marc:datafield>
</marc:record>
